00630nam a2200145 a 450000100100000000500170001000800410002704000250006808200150009310000230010824501560013126000500028730000200033750201270035700003452920200930073741.0111005s1912 dr 000 0 spa d aDO-SdBNPbspacBNPHU axxxxbA1741 aAcevedo, Agustín10a¿Que principios pueden derivarse de los articulos 6, ap, 16, 43 y 63 ap, 5 de nuestra constitución, relativos a la incontitucionalidad de las leyes? aSanto Domingo :bImp. Escobar i Cía,c1912. a34 p. ;c23 cm. aTesis para obtar por el grado de licenciatura en derecho en el Instituto Profesional de Santo Domingo, Facultad de Derecho